000 00298nam a22001457a 4500
008 210604b ||||| |||| 00| 0 eng d
020 _a9781269762663
041 _aeng
080 _a510
082 _a510
100 _a38
101 _aMAT
245 _aMathematics
_cPearson
942 _2udc
_cBK
999 _c57951
_d57951